000 005390000a22001930004500
020 _a0-87808-167-4
041 0 _aENG
082 0 4 _aG 266.023 W784o
100 1 _aWinter, Roberta H.
245 1 0 _aOnce more around Jericho : The story of the U.S. Center for World mission / Roberta H. Winter
250 _a2
260 _aPasadena, CA., USA : William Carey
300 _aXIV, 252 Pag
001 7578
942 _cBK
999 _c37785
_d37785
336 _atexto
_btxt
_2rdacontent
337 _2rdamedia
_asin mediación
_bn
338 _2rdacarrier
_avolumen
_bnc